000 00666nam a2200229 i 4500
001 C2-0270670
003 PPAK
005 20180728001000.0
008 060809s1998 my a|||| ||||| | may d
020 _a9679120511
040 _aPPAK
_beng
_cPPAK
_erda
082 0 4 _a796
_223
090 0 0 _a796
_bSUK
_dR
245 0 0 _aSukan Komanwel dari Hamilton ke Kuala Lumpur (1930 - 1998)
264 1 _aKuala Lumpur :
_bArkib Negara Malaysia ,
_c1998
300 _a135 pages :
_bcolour illustrations ;
_c24 cm
336 _2rdacontent
_atext
337 _2rdamedia
_aunmediated
338 _2rdacarrier
_avolume
650 1 0 _aCommonwealth Games - History.
942 _ddc
_cB
999 _c79177
_d79177